American Wars - Sudden Death - Statistics

General Stats
  • This quiz has been taken 1,185 times
  • The average score is 6 of 15
Answers on the Grid
Answers color-coded by a green-red scale on the quiz's grid according to % correct below.
Bleeding Kansas
Boshin War
Bosnian War
Boxer Rebellion
Chinese Civil War
Crimean War
Dominican Restoration War
Falklands War
First Barbary War
First Opium War
Flagstaff War
Gulf War
Iraq War
Korean War
Mau Mau Rebellion
Modoc War
Napoleonic Wars
Quasi-War
Russo-Japanese War
Russo-Ukrainian War
Second Opium War
Suez Crisis
Taiping Rebellion
Texas Revolution
Vietnam War
War in Afghanistan
War of 1812
World War I
World War II
Yom Kippur War
 
Answer Stats
Answer % Correct
Iraq War
72%
World War II
67%
Korean War
66%
Vietnam War
65%
World War I
64%
Gulf War
61%
War of 1812
58%
War in Afghanistan
53%
Boxer Rebellion
28%
Bosnian War
27%
First Barbary War
20%
Chinese Civil War
13%
Quasi-War
7%
Second Opium War
3%
Modoc War
2%
No matching quizzes found
Score Distribution
Percent of People with Each Score
Percentile by Number Answered
Your Score History
You have not taken this quiz